000 00392nam a2200157 4500
999 _c2879
_d2879
008 200317b ||||| |||| 00| 0 eng d
082 0 0 _a551.5
_bK321
100 _91932
_aKemp
245 1 0 _aNotes on meteorology /
_cby Kemp & Young
250 _a3rd ed.
260 _aLondon
_bStanford Maritime
_c1977
300 _a88 p.
650 0 _aMeteorology
700 _91933
_aYoung
942 _2ddc
_cBK